[Event "Challenge"]
[Site "http://www.queenalice.com/game.php?id=538057"]
[Date "2009.2.10"]
[Round "-"]
[White "sitonapotatopanotis"]
[Black "paste_eater"]
[Result "0-1"]
[WhiteElo "1402"]
[BlackElo "1251"]

1. f4 d6 2. c4 f5 3. g3 c5 4. Bg2 h6 5. Nc3 Nf6 6. Nf3 Nbd7 7. e3 b6 8. Ne5 dxe5
9. Bxa8 g5 10. Bc6 Qc7 11. Qa4 Bb7 12. Qxa7 Qxc6 13. O-O Qg2# 0-1

[Event "Challenge"]
[Site "http://www.queenalice.com/game.php?id=538059"]
[Date "2009.2.10"]
[Round "-"]
[White "paste_eater"]
[Black "sitonapotatopanotis"]
[Result "0-1"]
[WhiteElo "1423"]
[BlackElo "1265"]

1. e4 e5 2. d4 d6 3. f4 Qf6 4. Ne2 Bg4 5. h3 Bxe2 6. dxe5 Qh4+ 7. Kxe2 dxe5 8.
Kf3 Qh5+ 9. g4 Qh6 10. Bc4 Bd6 11. f5 g5 12. h4 Nc6 13. hxg5 Nd4+ 14. Kg3 Qg7
15. c3 Nc6 16. Rf1 f6 17. Be3 fxg5 18. Nd2 Nf6 19. Nf3 Nxe4+ 20. Kg2 O-O-O 21.
Qd5 Nf6 22. Qe6+ Rd7 23. Bxg5 Rf8 24. b4 e4 25. Bxf6 Qxg4+ 26. Kf2 Qxf3+ 27. Ke1
Bg3+ 28. Rf2 Qxf2# 0-1

[Event "Challenge"]
[Site "http://www.queenalice.com/game.php?id=540168"]
[Date "2009.2.14"]
[Round "-"]
[White "paste_eater"]
[Black "carina"]
[Result "1-0"]
[WhiteElo "1202"]
[BlackElo "1158"]

1. e4 d5 2. e5 f6 3. d4 b6 4. Nf3 e6 5. c4 c6 6. g3 h6 7. h4 h5 8. Nc3 fxe5 9.
Bg5 Qd7 10. Bd3 Bb4 11. Nxe5 Qd6 12. Bg6+ Kf8 13. O-O dxc4 14. g4 Bd7 15. Qf3+
Nf6 16. Nf7 Rg8 17. Nxd6 Bxd6 18. gxh5 e5 19. Bxf6 Be7 20. Bxe5+ Bf6 21. Bxf6
Rh8 22. Bg5+ Kg8 23. Qf7# 1-0

[Event "fazeramizade"]
[Site "http://www.queenalice.com/game.php?id=548785"]
[Date "2009.3.1"]
[Round "-"]
[White "kavalheiro"]
[Black "paste_eater"]
[Result "0-1"]
[WhiteElo "1390"]
[BlackElo "1368"]

1. e4 e5 2. Qh5 Nf6 3. Qxe5+ Be7 4. Qg5 O-O 5. Bd3 d5 6. h4 Nxe4 7. Qe5 Nc6 8.
Qh5 Nd4 9. Nc3 Nf6 10. Qg5 c6 11. Nh3 Re8 12. Nf4 Ng4 13. Qh5 Bxh4+ 14. Kf1 Bxf2
15. Qxh7+ Kf8 16. Ng6+ fxg6 17. Bxg6 Re1# 0-1

[Event "Challenge"]
[Site "http://www.queenalice.com/game.php?id=550047"]
[Date "2009.3.4"]
[Round "-"]
[White "dwrogers"]
[Black "paste_eater"]
[Result "1-0"]
[WhiteElo "1553"]
[BlackElo "1357"]

1. e3 e5 2. Bc4 Nf6 3. Nf3 d5 4. Bb3 Bd6 5. O-O Bg4 6. h3 e4 7. hxg4 Nxg4 8.
Bxd5 O-O 9. g3 Qe7 10. Bxb7 Nc6 11. Bxa8 Rxa8 12. Nh4 Nh6 13. d3 g5 14. Ng2 Qe6
15. Qh5 Ne5 16. f4 Qg6 17. Qxg6+ Nxg6 18. fxg5 Ng4 19. dxe4 Bxg3 20. Nc3 Re8 21.
Rd1 Re5 22. Rd5 f6 23. gxf6 Re6 24. Rg5 Bh2+ 25. Kf1 Rxf6+ 26. Nf4 Kg7 27. Rxg4
Kf7 28. Rg2 Bxf4 29. exf4 Nxf4 30. Bxf4 Rxf4+ 31. Rf2 Rf6 32. Rxf6+ Kxf6 33.
Nd5+ Ke5 34. Nxc7 1-0

[Event "Challenge"]
[Site "http://www.queenalice.com/game.php?id=551127"]
[Date "2009.3.6"]
[Round "-"]
[White "HENRIQUE_L_AUAD"]
[Black "paste_eater"]
[Result "0-1"]
[WhiteElo "1267"]
[BlackElo "1403"]

1. e4 Nf6 2. d3 Nc6 3. Nc3 e5 4. Bg5 h6 5. Bxf6 gxf6 6. Be2 Ne7 7. Bh5 d5 8. Qf3
Bg7 9. Nxd5 Nxd5 10. Qg3 O-O 11. exd5 Qxd5 12. Ne2 e4 13. Nf4 Qe5 14. O-O b5 15.
dxe4 Bb7 16. Bf3 f5 17. exf5 Qxf5 18. Bg4 Qxc2 19. Rac1 Qxb2 20. Rxc7 Bc8 21.
Bxc8 Raxc8 22. Rxa7 Rfd8 23. Ne6 fxe6 24. Qxg7+ Qxg7 25. Rxg7+ Kxg7 0-1

[Event "Challenge"]
[Site "http://www.queenalice.com/game.php?id=551545"]
[Date "2009.3.6"]
[Round "-"]
[White "gambitmiau64"]
[Black "paste_eater"]
[Result "1-0"]
[WhiteElo "1491"]
[BlackElo "1390"]

1. e4 e5 2. d4 d5 3. dxe5 dxe4 4. Qxd8+ Kxd8 5. Be3 Bf5 6. Nc3 f6 7. O-O-O+ Nd7
8. f3 fxe5 9. fxe4 Be6 10. Nf3 Bd6 11. Nb5 Bg4 12. Nxd6 cxd6 13. Be2 Ngf6 14. h3
Bxf3 15. gxf3 Ke7 16. Bg5 Rac8 17. Rhg1 Rc6 18. Bb5 Rc7 19. Rd5 a6 20. Bxd7 Kxd7
21. Rgd1 Nxd5 22. Rxd5 h6 23. Bd2 Rhc8 24. c3 b5 25. b4 g5 26. Kc2 Rf8 27. Rd3
Rg8 28. Be3 h5 29. Bc5 g4 30. Rxd6+ Kc8 31. fxg4 hxg4 32. hxg4 Rxg4 33. Rxa6
Rxe4 34. Bd6 Kb7 35. Ra5 Re2+ 36. Kb3 Rd7 37. Rxb5+ Kc6 38. Rxe5 Rd2 39. Bc5 Rd1
40. Re6+ Kc7 41. Bd4 Rd8 42. a4 Kd7 43. Rb6 Re8 44. a5 Re2 45. a6 Ra1 46. Kc4
Re8 47. Kc5 Kc7 48. Rc6+ Kd7 49. b5 Ra8 50. Rd6+ Ke7 51. Bf6+ Kf7 52. c4 Ra4 53.
Rc6 Re8 54. Kb6 Re6 55. Rxe6 Kxe6 56. c5 Kxf6 57. c6 Rb4 58. c7 1-0

[Event "parabens!"]
[Site "http://www.queenalice.com/game.php?id=551668"]
[Date "2009.3.6"]
[Round "-"]
[White "paste_eater"]
[Black "kavalheiro"]
[Result "0-1"]
[WhiteElo "1344"]
[BlackElo "1439"]

1. e4 e6 2. Bc4 Bc5 3. d4 Bb4+ 4. c3 Ba5 5. b4 Bb6 6. Qe2 Nf6 7. Bf4 Nc6 8. d5
exd5 9. exd5+ Ne7 10. d6 cxd6 11. Bxd6 h5 12. Na3 Bc7 13. Bc5 Ng4 14. Bd4 O-O
15. f4 Bxf4 16. Nf3 Re8 17. Ne5 Nf5 18. O-O d6 19. Bxf7+ Kf8 20. Bxe8 Bxh2+ 21.
Kh1 dxe5 22. Bxh5 Qh4 23. Bc5+ Kg8 24. Bxg4 Ng3# 0-1

[Event "Challenge"]
[Site "http://www.queenalice.com/game.php?id=552502"]
[Date "2009.3.8"]
[Round "-"]
[White "sitonapotatopanotis"]
[Black "paste_eater"]
[Result "0-1"]
[WhiteElo "1608"]
[BlackElo "1324"]

1. f4 h5 2. e4 d5 3. e5 Bf5 4. d3 d4 5. h3 Rh6 6. Nf3 c5 7. c4 Nc6 8. Ng5 f6 9.
Ne6 Bxe6 10. Qf3 g5 11. fxg5 Rg6 12. Bd2 fxg5 13. Qxh5 Nxe5 14. Bxg5 Bf7 15. Bf4
Re6 16. Qf5 Nxd3+ 17. Kd2 Nxb2 18. Qxc5 Rc8 19. Qb5+ Qd7 20. Qxb2 Qc6 21. Na3
Bg7 22. Kd3 Bg6+ 23. Kd2 Qe4 24. Bg5 Rb6 25. Nb5 Bh6 26. Bxh6 Nxh6 27. Re1 Qf4+
28. Kd1 Nf5 29. Bd3 Ne3+ 30. Kc1 Nxc4+ 31. Kd1 Nxb2+ 32. Ke2 Bxd3# 0-1

[Event "Challenge"]
[Site "http://www.queenalice.com/game.php?id=552503"]
[Date "2009.3.8"]
[Round "-"]
[White "paste_eater"]
[Black "sitonapotatopanotis"]
[Result "0-1"]
[WhiteElo "1363"]
[BlackElo "1309"]

1. e4 e5 2. Bc4 c6 3. Nf3 d5 4. exd5 cxd5 5. Bb3 Bg4 6. c4 e4 7. Qe2 Qf6 8. cxd5
Kd8 9. Qxe4 Bxf3 10. gxf3 Bd6 11. Qc4 Qxf3 12. Rf1 Nf6 13. Nc3 Re8+ 0-1

[Event "nova"]
[Site "http://www.queenalice.com/game.php?id=557431"]
[Date "2009.3.17"]
[Round "-"]
[White "kavalheiro"]
[Black "paste_eater"]
[Result "0-1"]
[WhiteElo "1451"]
[BlackElo "1326"]

1. e3 d5 2. Qh5 Nf6 3. Qe5 a6 4. Nf3 Nc6 5. Qc3 Qd6 6. Ng5 Ne4 7. Nxe4 dxe4 8.
Be2 h5 9. h4 f5 10. Rh3 f4 11. exf4 Bxh3 12. Bxh5+ Rxh5 13. gxh3 O-O-O 14. b3
Rf5 15. Qg3 Nb4 16. Qc3 e6 17. a3 Nd5 18. Qd4 Qxf4 19. Qa7 e3 20. dxe3 Qxf2+ 21.
Kd1 Nxe3# 0-1

[Event "Challenge"]
[Site "http://www.queenalice.com/game.php?id=560743"]
[Date "2009.3.24"]
[Round "-"]
[White "Martial"]
[Black "paste_eater"]
[Result "1-0"]
[WhiteElo "1425"]
[BlackElo "1377"]

1. e4 Nc6 2. d4 e6 3. d5 Ne5 4. Nf3 Ng4 5. h3 N4f6 6. dxe6 fxe6 7. e5 Nd5 8. Bc4
Nb6 9. O-O Nxc4 10. b3 Nb6 11. Bg5 Be7 12. Nc3 Bxg5 13. h4 Bxh4 14. g3 Nd5 15.
gxh4 Nxc3 16. Qd3 Nd5 17. c4 Nf4 18. Qd2 Ng6 19. h5 Nh4 20. Qf4 g5 21. Nxg5 h6
22. Qf7# 1-0

[Event "muitobem"]
[Site "http://www.queenalice.com/game.php?id=563175"]
[Date "2009.3.28"]
[Round "-"]
[White "paste_eater"]
[Black "kavalheiro"]
[Result "1-0"]
[WhiteElo "1382"]
[BlackElo "1535"]

1. e4 e6 2. a3 Qh4 3. Nf3 Qxe4+ 4. Be2 Bc5 5. d4 Bd6 6. Nc3 Qf5 7. Bd3 Qf6 8.
Bg5 Qxf3 9. Qxf3 Be7 10. Bf4 Nf6 11. Qg3 O-O 12. Bh6 g6 13. Bxf8 Bxf8 14. h4 Nh5
15. Qxc7 Nc6 16. g4 Nf6 17. Qf4 Ne8 18. h5 gxh5 19. Qg5+ Ng7 20. Rxh5 Be7 21.
Bxh7+ Kf8 22. Qh6 Ke8 23. Qxg7 Kd8 24. Qxf7 Bd6 25. g5 Nxd4 26. g6 Nxc2+ 27. Kd1
Nxa1 28. g7 b5 29. g8=Q+ Kc7 30. Nxb5+ Kc6 31. Bd3 Bb7 32. Qg2+ Kb6 33. Qg4 Rf8
34. Qxd7 Bf3+ 35. Qxf3 Rxf3 36. Qxd6+ Ka5 37. Nd4+ Rf5 38. Qa6# 1-0

[Event "Challenge"]
[Site "http://www.queenalice.com/game.php?id=565245"]
[Date "2009.4.1"]
[Round "-"]
[White "paste_eater"]
[Black "frrocha"]
[Result "0-1"]
[WhiteElo "1410"]
[BlackElo "1408"]

1. e4 b5 2. c4 Nf6 3. Qf3 a6 4. a3 Bb7 5. Nc3 e6 6. Qf4 bxc4 7. Bxc4 d5 8. exd5
exd5 9. Qe5+ Be7 10. Bd3 Nc6 11. Qe2 d4 12. Ne4 Ne5 13. f3 O-O 14. f4 Bxe4 15.
Bxa6 d3 16. fxe5 dxe2 17. exf6 Bxf6 18. Nf3 Rxa6 19. Kxe2 Bd3+ 20. Ke3 Ra4 21.
b3 Re4+ 22. Kf2 Bxa1 23. h4 Bf6 24. g3 Rfe8 25. a4 Qb8 0-1

[Event "Challenge"]
[Site "http://www.queenalice.com/game.php?id=566046"]
[Date "2009.4.3"]
[Round "-"]
[White "Flying_Donkeys"]
[Black "paste_eater"]
[Result "0-1"]
[WhiteElo "1066"]
[BlackElo "1351"]

1. e4 e5 2. Nc3 g5 3. d3 c6 4. h4 gxh4 5. Nf3 Bc5 6. Nxe5 f6 7. Qh5+ Ke7 8. Nf7
Qe8 9. Qxc5+ Kxf7 10. Be2 b6 11. Qh5+ Ke7 12. Qg4 d5 13. Qg7+ Qf7 14. Qxh8 Kf8
15. Rg1 Qg7 16. Qxg7+ Kxg7 17. g3 h3 18. Rh1 d4 19. Rxh3 Bxh3 20. Be3 dxe3 21.
fxe3 Ne7 22. O-O-O Nd7 23. Rh1 Be6 24. Bh5 f5 25. exf5 Nxf5 26. e4 Nxg3 27. Bf3
Rf8 28. Rh3 Rxf3 29. d4 Bxh3 30. e5 Rf1+ 31. Kd2 Be6 32. Ne2 Rf2 33. Ke3 Rxe2+
34. Kf4 Nf5 35. b3 c5 36. d5 Rf2+ 37. Kg4 Nxe5+ 38. Kh3 Bxd5 0-1

[Event "Challenge"]
[Site "http://www.queenalice.com/game.php?id=566090"]
[Date "2009.4.3"]
[Round "-"]
[White "Ebbe"]
[Black "paste_eater"]
[Result "1-0"]
[WhiteElo "1783"]
[BlackElo "1377"]

1. d4 d5 2. c4 Nf6 3. Nf3 Nc6 4. Nc3 Bf5 5. Bf4 e6 6. Ne5 h6 7. Nxc6 bxc6 8. Qa4
Bd6 9. Qxc6+ Ke7 10. Bxd6+ Qxd6 11. Qxd6+ cxd6 12. Rc1 dxc4 13. f3 g5 14. e4 Bg6
15. Bxc4 d5 16. exd5 Rac8 17. b3 Rhd8 18. O-O exd5 19. Bxd5 g4 20. f4 Nh5 21. f5
Bh7 22. Be4 g3 23. f6+ Nxf6 24. Bxh7 Nxh7 25. Nd5+ Kd6 26. Ne3 Rg8 27. Rxc8 Rxc8
28. Nf5+ Kd5 29. Ne7+ 1-0

[Event "mais uma?"]
[Site "http://www.queenalice.com/game.php?id=566105"]
[Date "2009.4.3"]
[Round "-"]
[White "paste_eater"]
[Black "kavalheiro"]
[Result "0-1"]
[WhiteElo "1344"]
[BlackElo "1508"]

1. e4 Nf6 2. Qf3 Nc6 3. b3 Nd4 4. Qe3 Nxc2+ 5. Ke2 Nxe3 6. Kxe3 e5 7. Nf3 Ng4+
8. Ke2 Bc5 9. d3 O-O 10. Be3 Bb4 11. h3 Nh6 12. g4 d6 13. g5 Nf5 14. exf5 Bxf5
15. a3 Ba5 16. b4 Bb6 17. h4 d5 18. d4 e4 19. Ne5 f6 20. gxf6 Qxf6 21. Bg5 Qe6
22. Rg1 Bxd4 23. Ra2 Qa6+ 24. Kd2 Qa4 25. Ng4 Qb3 26. Rc2 e3+ 27. fxe3 Qxc2+ 28.
Ke1 Qxb1+ 29. Kd2 Qc2+ 30. Ke1 Bc3# 0-1

[Event "vamos nesta???"]
[Site "http://www.queenalice.com/game.php?id=573638"]
[Date "2009.4.18"]
[Round "-"]
[White "paste_eater"]
[Black "kavalheiro"]
[Result "0-1"]
[WhiteElo "1335"]
[BlackElo "1450"]

1. c3 e6 2. e4 Nc6 3. d4 Qh4 4. g3 Qxe4+ 5. Be3 Qxh1 6. Nf3 b6 7. Nbd2 Ba6 8. b3
Nf6 9. c4 b5 10. Qc2 Ng4 11. Ke2 bxc4 12. Rb1 cxb3+ 13. Kd1 Bxf1 14. Qxb3 Bc4+
15. Kc2 Nb4+ 16. Kb2 Qg2 17. Nxc4 Nxf2 18. Nce5 Nfd3+ 19. Kc3 Rb8 20. Nd2 Nd5+
21. Kxd3 Rxb3+ 22. Rxb3 f6 23. Rb8+ Ke7 24. Nec4 f5 25. Bg5+ Nf6 26. Bf4 Qc6 27.
Ne5 Qa6+ 28. Ndc4 d6 29. Nf3 d5 30. Bxc7 dxc4+ 31. Ke3 c3 32. Ne1 Nd5+ 33. Kf3
Qf1# 0-1

[Event "Challenge"]
[Site "http://www.queenalice.com/game.php?id=586114"]
[Date "2009.5.10"]
[Round "-"]
[White "paste_eater"]
[Black "sitonapotatopanotis"]
[Result "0-1"]
[WhiteElo "1356"]
[BlackElo "1519"]

1. h4 e5 2. e4 g6 3. d3 Nc6 4. Be3 d6 5. Qf3 Nf6 6. g3 Bg4 7. Qg2 Nb4 8. Na3 c6
9. c3 Na6 10. f3 Be6 11. O-O-O Bxa2 12. b4 Bb3 13. Rd2 d5 14. d4 exd4 15. Bxd4
Bg7 16. g4 h6 17. Re2 dxe4 18. Nh3 Nxb4 19. Nf2 Na2+ 20. Kb2 Qd5 21. Re3 O-O-O
22. fxe4 Qe6 23. e5 Nd5 24. Rg3 Nf4 25. Qe4 g5 26. Nh3 Bd5 27. Qe3 Bxh1 28. Bc4
Nd5 29. Qd3 Naxc3 30. Kb3 Ne4 31. Rg1 Bf8 32. Rxh1 Qxg4 33. Nf2 Nxf2 34. Bxf2
Nf4 35. Qe4 Bg7 36. Rc1 Qh3+ 37. Rc3 Qg4 38. Bf1 Qd1+ 39. Nc2 Qxf1 40. Bxa7 Qb1+
41. Ka4 Qa2+ 42. Ra3 Qb2 43. Qf5+ Rd7 44. e6 fxe6 45. Qe4 Qb5# 0-1

[Event "Challenge"]
[Site "http://www.queenalice.com/game.php?id=586115"]
[Date "2009.5.10"]
[Round "-"]
[White "sitonapotatopanotis"]
[Black "paste_eater"]
[Result "1-0"]
[WhiteElo "1566"]
[BlackElo "1356"]

1. e4 d5 2. Qf3 Be6 3. e5 f6 4. d4 Nc6 5. c3 h5 6. h4 Bg4 7. Qd3 Qd7 8. Qg6+ Kd8
9. Qf7 Nh6 10. Bxh6 gxh6 11. Bd3 Qe6 12. Qxe6 Bxe6 13. Na3 fxe5 14. dxe5 Nxe5
15. Be2 Bf7 16. Nh3 c5 17. Nf4 Bg7 18. O-O-O Kc7 19. Nxh5 Bf8 20. Nf4 e6 21. c4
Rd8 22. Nb5+ Kc6 23. Nxa7+ Kb6 24. Nb5 h5 25. Rhe1 Bh6 26. g3 Nc6 27. Bxh5 Bxh5
28. Rd3 e5 29. cxd5 Rxd5 30. Rxd5 Kxb5 31. Kc2 Bf7 32. a4+ Kb4 33. Re4+ Nd4+ 34.
Rdxd4+ cxd4 35. Nd3+ Kc4 36. Rxe5 Rc8 37. b3# 1-0